000 00327nam a22001457a 4500
008 221024b ||||| |||| 00| 0 eng d
020 _a9781557986887
041 _aeng
080 _a159.9
082 _a159.9 SAL
100 _a25.2
101 _aPSI
245 _aETHICS IN RESEARCH WITH HUMAN
_cSALES B
942 _2udc
_cBK
999 _c58660
_d58660